00451nam a2200133Ia 4500008004000000020001800040082001300058100001600071245003500087250000500122260005600127300001500183650011900198210210b2004 xxu||||| |||| 00| 0 eng d a0 07 058539 3 a332 KHAI aKHAN (M Y). aIndian financial system. Ed.4. a aN DbTata McGraw-Hill Publishing Company Ltd.c2004 axvii,18.75 aFinancial Markets Financial Regulations Sebi Listing Primary Market Secondary Market Money Market Risk Managemen